000 00310nam a22001337a 4500
008 181023b xxu||||| |||| 00| 0 eng d
020 _a0333241037
041 _aeng
080 _a371
100 _a46
101 _aEDU
245 _aThe Development of Writing Abilities (11-18)
_cBritton,J
942 _2udc
_cBK
999 _c50689
_d50689